|
|
|
|
| LEADER |
00000nam0a2200000 4500 |
| 001 |
164145 |
| 005 |
20231031161118.0 |
| 035 |
|
|
|a (RuTPU)RU\TPU\book\178093
|
| 090 |
|
|
|a 164145
|
| 100 |
|
|
|a 20231031 rusy50
|
| 101 |
0 |
|
|a rus
|
| 102 |
|
|
|a RU
|
| 105 |
|
|
|a a z 001zy
|
| 200 |
1 |
|
|a Минерально-геохимические особенности редкометальных гранитоидов Монголии
|f Н. В. Владыкин
|g Академия наук СССР (АН СССР), Сибирское отделение (СО), Институт геохимии ; отв. ред. В. И. Коваленко
|
| 210 |
|
|
|a Новосибирск
|c Наука
|d 1983
|
| 215 |
|
|
|a 200 с.
|c ил.
|
| 320 |
|
|
|a Библиогр.: с. 195-199.
|
| 610 |
1 |
|
|a редкометальные гранитоиды
|
| 610 |
1 |
|
|a Монголия
|
| 610 |
1 |
|
|a минералогические исследования
|
| 610 |
1 |
|
|a характеристика
|
| 610 |
1 |
|
|a акцессорные минералы
|
| 610 |
1 |
|
|a парагенезисы
|
| 610 |
1 |
|
|a образование
|
| 610 |
1 |
|
|a типоморфные минералы
|
| 610 |
1 |
|
|a признаки
|
| 675 |
|
|
|a 552.32
|v 3
|
| 700 |
|
1 |
|a Владыкин
|b Н. В.
|g Николай Васильевич
|4 070
|
| 702 |
|
1 |
|a Коваленко
|b В. И.
|4 340
|
| 712 |
0 |
2 |
|a Академия наук СССР (АН СССР)
|b Сибирское отделение (СО)
|b Институт геохимии
|c Новосибирск
|2 stltpush
|3 (RuTPU)RU\TPU\col\12868
|
| 801 |
|
1 |
|a RU
|b 63413507
|c 20090901
|
| 801 |
|
2 |
|a RU
|b 63413507
|c 20100513
|g RCR
|
| 942 |
|
|
|c BK
|